[Event "Niedersachsen-ch op-D"]
[Site "Verden"]
[Date "2017.01.07"]
[Round "5"]
[White "Heller, Rainer"]
[Black "Scholl, Michael"]
[Result "1/2-1/2"]
[WhiteElo "1142"]
[BlackElo "1002"]
[PlyCount "67"]
[EventDate "2017.01.05"]
[EventType "swiss"]
[EventRounds "7"]
[EventCountry "GER"]
[SourceTitle "CBM 187 Extra"]
[Source "ChessBase"]
[SourceDate "2018.11.04"]
[SourceVersion "1"]
[SourceVersionDate "2018.11.04"]
[SourceQuality "1"]

1. e4 e5 2. Nf3 Nf6 3. Nc3 Nc6 4. Bc4 Bc5 5. d3 d6 6. Qe2 Bg4 7. h3 Nd4 8. Qd1 Nxf3+ 9. gxf3 Bd7 10. Be3 Bxe3 11. fxe3 Qe7 12. Qe2 Nh5 13. Qf2 0-0-0 14. 0-0-0 f5 15. exf5 Bxf5 16. e4 Be6 17. Qxa7 Bxc4 18. Qa8+ Kd7 19. Qa4+ b5 20. Nxb5 Bxb5 21. Qxb5+ Ke6 22. Qd5+ Kf6 23. d4 Nf4 24. Qc4 d5 25. exd5 Nxd5 26. dxe5+ Qxe5 27. Rhe1 Qg5+ 28. Kb1 Ne3 29. Qc3+ Kg6 30. Rd3 Rhe8 31. a3 Nd5 32. Qc6+ Nf6 33. Rxe8 Rxe8 34. Qxc7 1/2-1/2

[Event "Niedersachsen-ch op-D"]
[Site "Verden"]
[Date "2017.01.06"]
[Round "4"]
[White "Scholl, Michael"]
[Black "Gawollek, Hans"]
[Result "0-1"]
[WhiteElo "1002"]
[BlackElo "1398"]
[PlyCount "114"]
[EventDate "2017.01.05"]
[EventType "swiss"]
[EventRounds "7"]
[EventCountry "GER"]
[SourceTitle "CBM 187 Extra"]
[Source "ChessBase"]
[SourceDate "2018.11.04"]
[SourceVersion "1"]
[SourceVersionDate "2018.11.04"]
[SourceQuality "1"]

1. d4 d5 2. c4 dxc4 3. e3 b5 4. Nf3 f6 5. a3 Bb7 6. Nc3 c6 7. b3 cxb3 8. Qxb3 Qd7 9. Bd3 e6 10. 0-0 a6 11. Rd1 Qf7 12. e4 Nd7 13. Bf4 Ne7 14. a4 Ng6 15. Bc7 Be7 16. Be2 Rc8 17. Ba5 0-0 18. d5 e5 19. Rab1 Nf4 20. dxc6 Nxe2+ 21. Nxe2 Bxc6 22. Qxf7+ Kxf7 23. axb5 Bxb5 24. Nc3 Bc6 25. Rbc1 Nb8 26. h3 Ba3 27. Ra1 Bb2 28. Rab1 Bxc3 29. Bxc3 Bxe4 30. Bb4 Bxf3 31. gxf3 Rfe8 32. Bd6 Nc6 33. Rdc1 Nd4 34. Rb7+ Kg6 35. Rd1 Nxf3+ 36. Kg2 Nd4 37. Rb6 Ra8 38. Bxe5 Ne6 39. Rdd6 fxe5 40. Rxe6+ Rxe6 41. Rxe6+ Kf5 42. Re7 Kf6 43. Rc7 a5 44. Rc3 a4 45. Ra3 g5 46. f3 Kf5 47. Kg3 h6 48. f4 exf4+ 49. Kf3 h5 50. Rc3 g4+ 51. hxg4+ hxg4+ 52. Kf2 Ra5 53. Ra3 Ke4 54. Ke2 f3+ 55. Kf2 Kf4 56. Rc3 Re5 57. Rc4+ Re4 0-1